00294nam a22001217a 4500003000400000020001800004082001400022100002100036245005100057260003700108300001000145650001700155SGT a9781416043027 a616bT07H aHenry Gremillion aTemporomandibular Disorders and Orafacial Pain aDELHIbDCNA ELSEVIER INDIAc2007 a1-279 aORAL SURGERY